000 01870nam0a2200301 i 4500
001 RU\NLR\bibl\2011279
005 20260503053802.0
021 _aRU
_b2013-12216
_9873
035 _a(NLR Aleph) 001999819
090 _a4343164
_c4343164
100 _a20130314d2012 u y0rusy50 ca
101 0 _arus
102 _aRU
105 _aa |||||||||
200 1 _aСхемотехника аналоговых электронных устройств. Анализ частотных характеристик типовых структур аналоговых устройств
_eучебное пособие
_fА.Г. Алексеев, П.В. Климова
_gФедер. агентствог связи, Федер. гос. образоват. бюджет. учреждение высш. проф. образования С.-Петерб. гос. ун-т телекоммуникаций им. проф. М.А. Бонч-Бруевича
210 _aСанкт-Петербург
_cСПбГУТ
_d2012
215 _a51 с.
_cил.
_d21
320 _aБилиогр.: с. 51 (9 назв.)
517 0 _aАнализ частотных характеристик типовых структур аналоговых устройств
606 1 _aАналоговые электронные приборы
_jУчебные издания для высших учебных заведений
_xСхемотехника
_92218785
_3RU\NLR\AUTH\661332438
686 1 _aЗ85-015я73-1
700 1 _4070
_7ca
_8rus
_aАлексеев
_bА. Г.
_cканд. техн. наук
_f1938-
_gАлексей Георгиевич
_3RU\NLR\AUTH\770128214
_9128187
701 1 _aКлимова
_bП. В.
_gПолина Валентиновна
_4070
801 0 _aRU
_bNLR
_c20130314
_gRCR
801 1 _aRU
_bNLR
_c20130314
942 _cBOOK
980 _aNBR